ბათუმის შოთა რუსთაველის სახელმწიფო უნივერსიტეტის ბიბლიოთეკა

Краснофигурные аттические вазы в Эрмитаже : (ბიბ.ჩანაწერი № 61211)

000 -LEADER
fixed length control field 00719nam a22001577a 4500
005 - DATE AND TIME OF LATEST TRANSACTION
control field 20240108160446.0
008 - FIXED-LENGTH DATA ELEMENTS--GENERAL INFORMATION
fixed length control field 240108s1967 ru ||||| |||| 00| 0 rus d
041 ## - LANGUAGE CODE
Language code of text/sound track or separate title rus
080 ## - UNIVERSAL DECIMAL CLASSIFICATION NUMBER
Universal Decimal Classification number 75 K-78
245 ## - TITLE STATEMENT
Title Краснофигурные аттические вазы в Эрмитаже :
Remainder of title Каталог /
Statement of responsibility, etc. Составитель А.А.Передольская.
264 ## - PRODUCTION, PUBLICATION, DISTRIBUTION, MANUFACTURE, AND COPYRIGHT NOTICE
Place of production, publication, distribution, manufacture Л. :
Name of producer, publisher, distributor, manufacturer Советский художник,
Date of production, publication, distribution, manufacture, or copyright notice 1967.
300 ## - PHYSICAL DESCRIPTION
Extent 403с. :
Other physical details ил. ;
Dimensions 26см.
653 ## - INDEX TERM--UNCONTROLLED
keyword წითელფიგურიანი სხვენის ვაზები ერმიტაჟში
700 ## - ADDED ENTRY--PERSONAL NAME
Personal name Передольская, А.А
Relator term შემდგენელი
9 (RLIN) 20359
942 ## - ADDED ENTRY ELEMENTS (KOHA)
Source of classification or shelving scheme
Koha item type წიგნი
ეგზემპლარები
Withdrawn status Lost status Source of classification or shelving scheme Damaged status Not for loan Permanent Location Current Location Shelving location Date acquired Cost, normal purchase price Full call number Barcode Date last seen Copy number Uniform Resource Identifier Price effective from Koha item type Public note
          ბათუმის შოთა რუსთაველის სახელმწიფო უნივერსიტეტის მთავარი ბიბლიოთეკა ბათუმის შოთა რუსთაველის სახელმწიფო უნივერსიტეტის მთავარი ბიბლიოთეკა წიგნსაცავი 2024-01-08 10.00 75 K-78 65713 2024-01-08 65713 ბსუ-ს საპატიო დოქტორის გურამ ლორთქიფანიძის საჩუქარი 2024-01-08 წიგნი 10 ლ.